Physiotherapy: a psychosocial approach (Record no. 1189)

MARC details
000 -LEADER
fixed length control field 00583nam a22002177a 4500
003 - CONTROL NUMBER IDENTIFIER
control field OSt
005 - DATE AND TIME OF LATEST TRANSACTION
control field 20180418173754.0
008 - FIXED-LENGTH DATA ELEMENTS--GENERAL INFORMATION
fixed length control field 150320b xxu||||| |||| 00| 0 eng d
020 ## - INTERNATIONAL STANDARD BOOK NUMBER
International Standard Book Number 0750653299
040 ## - CATALOGING SOURCE
Transcribing agency DNLM
082 ## - DEWEY DECIMAL CLASSIFICATION NUMBER
Classification number WB460 P569s 2004
100 ## - MAIN ENTRY--PERSONAL NAME
Personal name French, Sally; Sim, Julius
9 (RLIN) 2276
245 ## - TITLE STATEMENT
Title Physiotherapy: a psychosocial approach
250 ## - EDITION STATEMENT
Edition statement 3rd ed.
260 ## - PUBLICATION, DISTRIBUTION, ETC. (IMPRINT)
Place of publication, distribution, etc. Edinburgh;
Name of publisher, distributor, etc. Elsevier,
Date of publication, distribution, etc. 2004
300 ## - PHYSICAL DESCRIPTION
Other physical details vii,376p;ill:
Dimensions 25cm
504 ## - BIBLIOGRAPHY, ETC. NOTE
Bibliography, etc References @ index included
650 ## - SUBJECT ADDED ENTRY--TOPICAL TERM
Topical term or geographic name as entry element Physiotherapy
9 (RLIN) 1959
650 ## - SUBJECT ADDED ENTRY--TOPICAL TERM
Topical term or geographic name as entry element Psychosocial
9 (RLIN) 12597
942 ## - ADDED ENTRY ELEMENTS (KOHA)
Source of classification or shelving scheme Other/Generic Classification Scheme
Koha item type Open Shelf
Holdings
Withdrawn status Lost status Source of classification or shelving scheme Damaged status Not for loan Home library Current library Date acquired Source of acquisition Inventory number Total Checkouts Full call number Barcode Date last seen Date last checked out Koha item type Checked out
    Other/Generic Classification Scheme     MUST Main Library Faculty of Interdisciplinary Studies Library 18/04/2018   17/40630 1 WB460 P569s 2004 2018-0223 18/11/2019 18/11/2019 Open Shelf 02/12/2019
    Other/Generic Classification Scheme     MUST Main Library MUST Main Library 20/03/2015   15/38853 2 WB460 P569s 2004 2015-0529 13/04/2017 11/04/2017 Open Shelf  
    Other/Generic Classification Scheme     MUST Main Library MUST Main Library 20/03/2015   15/38854 1 WB460 P569s 2004 2015-0530 21/04/2017 11/04/2017 Open Shelf  
    Other/Generic Classification Scheme     MUST Main Library MUST Main Library 20/03/2015   15/38855   WB460 P569s 2004 2015-0531 20/03/2015   Open Shelf